000 00945nas a2200265 4500
001 BR2012008360
003 BR-BrBNA
005 20231205121443.0
007 ta
008 230509b bl.|||p| |||| 00| 00por d
040 _aBR-BrBNA
_bpor
_cBiblioteca Nacional de Agricultura
041 _a(Pt)
072 _aF01; L01; L02
100 1 _aSantos, M.E.R.
245 1 _aRelato de caso: variabilidade espacial da vegetação e a produção animal em pastagem monoespecífica: proposta de um modelo conceitual
650 _aPASTAGEM
650 _aBOVINO
650 _aMORFOGÊNESE
650 _aPRODUTIVIDADE
650 _aMODELO DE SIMULAÇÃO
773 0 _tRevista Brasileira de Agropecuária Sustentável (Brazil)
_xISSN 2178-5317
_g(Jul 2011), v. 1(1) p. 129-136
_wBR2012008360
856 4 0 _uhttp://www.rbas.com.br/downloads.php?arquivo=pdf/revista_3_artigo_65.pdf
909 _a202311
_bLúcia
_c55
_dLúcia Elande
942 _2AGRIS
_n0
_cANA
999 _c223650
_d223650